| Tag |
First Indicator |
Second Indicator |
Subfields |
| LEADER |
00000cam a2200000 i 4500 |
| 001 |
in00000043986 |
| 005 |
20151007065047.0 |
| 008 |
800324s1979 caua b 00110 eng |
| 010 |
|
|
|a 78065327
|
| 019 |
|
|
|a 6043825
|
| 020 |
|
|
|a 0804710171
|
| 035 |
|
|
|a (OCoLC)06026481
|
| 035 |
|
|
|9 AAE1199AM
|
| 040 |
|
|
|a DLC
|c DLC
|d TXA
|d UtOrBLW
|
| 049 |
|
|
|a TXAM
|c [1191881]
|
| 050 |
0 |
0 |
|a S494.5.I5
|b C36
|
| 082 |
0 |
|
|a 306/.3
|
| 100 |
1 |
|
|a Cancian, Frank.
|
| 245 |
1 |
4 |
|a The innovator's situation :
|b upper-middle-class conservatism in agricultural communities /
|c by Frank Cancian.
|
| 264 |
|
1 |
|a Stanford, Calif. :
|b Stanford University Press,
|c 1979.
|
| 300 |
|
|
|a xii, 159 pages :
|b illustrations ;
|c 23 cm.
|
| 336 |
|
|
|a text
|b txt
|2 rdacontent
|
| 337 |
|
|
|a unmediated
|b n
|2 rdamedia
|
| 338 |
|
|
|a volume
|b nc
|2 rdacarrier
|
| 500 |
|
|
|a Includes index.
|
| 504 |
|
|
|a Bibliography: pages [149]-154.
|
| 650 |
|
0 |
|a Agricultural innovations.
|
| 650 |
|
0 |
|a Farmers
|x Social conditions.
|
| 650 |
|
0 |
|a Farmers
|x Attitudes.
|
| 650 |
|
0 |
|a Diffusion of innovations.
|
| 999 |
|
|
|a MARS
|
| 999 |
f |
f |
|s 88558aaf-61b5-3989-a9a6-a2971a28b470
|i be7a3583-dc27-3ef5-8e13-5879388c2fe2
|t 0
|
| 952 |
f |
f |
|p ric
|a Texas A&M University
|b Rellis Campus
|c Joint Library Facility
|d Remote Storage
|t 0
|e S494.5.I5 C36
|h Library of Congress classification
|i unmediated -- volume
|m A14805176489
|
| 998 |
f |
f |
|a S494.5.I5 C36
|t 0
|l Remote Storage
|